00434nam a2200121Ia 4500008004100000020001800041050001400059100003500073245005400108260003300162300002100195650009600216120626s9999 xx 000 0 und d a968-444-077-4 aQA31bA48 aAGUIRREGABIRIA, José María aTaller de sabiosc/ José María Aguirregabiria aMéxicob: Alhambrac, 1987 a98 pág.b: il. a1. Electricidad 2. Matemáticas griegas 3. Mécanica - trabajos anteriores a 1800ÌÌ